Don Alvaro de Luna, Condestable de Castilla (Record no. 152361)

MARC details
000 -LEADER
campo de control de longitud fija 00976nam a2200181 i 4500
001 - NÚMERO DE CONTROL
campo de control 152361
003 - IDENTIFICADOR DE NÚMERO DE CONTROL
campo de control ES-MaACL
005 - FECHA Y HORA DE LA ÚLTIMA TRANSACCIÓN
campo de control 20250907063115.0
008 - DATOS DE LONGITUD FIJA--INFORMACIÓN GENERAL
campo de control de longitud fija 931025s1856 sp |||| | spa d
100 1# - ENTRADA PRINCIPAL--NOMBRE DE PERSONA
Nombre de persona Bonilla, José María,
Fechas asociadas al nombre 1808-1880
9 (RLIN) 126064
245 10 - MENCIÓN DEL TÍTULO
Título Don Alvaro de Luna, Condestable de Castilla
Resto del título : drama histórico, original, en prosa y verso /
Mención de responsabilidad, etc. de José María Bonilla.
260 ## - PUBLICACIÓN, DISTRIBUCIÓN, ETC.
Lugar de publicación, distribución, etc. Madrid :
Nombre del editor, distribuidor, etc. [Circulo Literario Comercial],
Fecha de publicación, distribución, etc. 1856 (
Fabricante Imprenta de C. Gonzalez)
300 ## - DESCRIPCIÓN FÍSICA
Extensión 83 p. ;
Dimensiones 20 cm.
490 1# - MENCIÓN DE SERIE
Mención de serie La España dramatica : coleccion de obras representadas con aplauso en los teatros de la Corte ;
Designación de volumen o secuencia 291
830 03 - PUNTO DE ACCESO ADICIONAL DE SERIE-TÍTULO UNIFORME
Título uniforme La España dramática: colección de obras representadas con aplauso en los teatros de la corte
Designación de volumen o secuencia 291
9 (RLIN) 187776
852 ## - LOCALIZACIÓN
Ubicación ES-MaACL
Número de control de estantería F-8577(1)
Nota libre -- Enc. pasta española, falto de la cub. original
-- -- Enc. en un vol. facticio, formando parte de la col. factica "Teatro español moderno", vol. 30
Holdings
Estatus retirado Estado de pérdida Estado de daño No para préstamo Colección Biblioteca de origen Biblioteca actual Ubicación en estantería Fecha de adquisición Total de préstamos Signatura topográfica completa Código de barras Visto por última vez Precio de reemplazo Tipo de ítem Koha
        Libros del s. XIX Biblioteca del Ateneo de Madrid Biblioteca del Ateneo de Madrid Sala Pecera Planta 2 17/01/2008   F-8577(1) 1159090 23/02/2023 23/02/2023 Libro impreso antiguo